000 00334nam a2200109Ia 4500
008 171211s9999 xx 000 0 und d
245 _aStage-Bound: Feature Film Adaptations of Canadian and Québécois Drama
245 _cAndré Loiselle
260 _c2003
650 _xcinema
856 _uhttp://down.ebook777.com/063/0773526102.pdf
999 _c348741
_d348741